Tipos populares en el Madrid de Carlos III / (Record no. 16754)

MARC details
000 -LEADER
campo de control de longitud fija 00993nam a2200265 i 4500
001 - NÚMERO DE CONTROL
campo de control 16754
003 - IDENTIFICADOR DE NÚMERO DE CONTROL
campo de control ES-MaACL
005 - FECHA Y HORA DE LA ÚLTIMA TRANSACCIÓN
campo de control 20250806062524.0
007 - CAMPO FIJO DE DESCRIPCIÓN FÍSICA--INFORMACIÓN GENERAL
campo de control de longitud fija t|
008 - DATOS DE LONGITUD FIJA--INFORMACIÓN GENERAL
campo de control de longitud fija 001030s1988 sp |||| | spa d
020 ## - NÚMERO INTERNACIONAL ESTÁNDAR DEL LIBRO
Número Internacional Estándar del Libro 84-7812-014-9
080 ## - NÚMERO DE LA CLASIFICACIÓN DECIMAL UNIVERSAL
Número de la Clasificación Decimal Universal 308(464.1 M.)"17"
080 ## - NÚMERO DE LA CLASIFICACIÓN DECIMAL UNIVERSAL
Número de la Clasificación Decimal Universal 39(464.1 M.)"17"
100 1# - ENTRADA PRINCIPAL--NOMBRE DE PERSONA
Nombre de persona Cepeda Adán, José.
9 (RLIN) 37430
245 10 - MENCIÓN DEL TÍTULO
Título Tipos populares en el Madrid de Carlos III /
Mención de responsabilidad, etc. por José Cepeda Adán.
260 ## - PUBLICACIÓN, DISTRIBUCIÓN, ETC.
Lugar de publicación, distribución, etc. Madrid :
Nombre del editor, distribuidor, etc. Ayuntamiento, Área de Cultura, Educación, Juventud y Deportes :
-- Instituto de Estudios Madrileños,
Fecha de publicación, distribución, etc. [1988]
300 ## - DESCRIPCIÓN FÍSICA
Extensión 32 p. ;
Dimensiones 22 cm.
490 1# - MENCIÓN DE SERIE
Mención de serie Ciclo de conferencias: El Madrid de Carlos III ;
Designación de volumen o secuencia 7
651 #4 - PUNTO DE ACCESO ADICIONAL DE MATERIA--NOMBRE GEOGRÁFICO
Nombre geográfico Madrid-
Subdivisión general Usos y costumbres-
Subdivisión cronológica S.XVIII.
9 (RLIN) 8991
651 #4 - PUNTO DE ACCESO ADICIONAL DE MATERIA--NOMBRE GEOGRÁFICO
Nombre geográfico Madrid-
Subdivisión general Situación social-
Subdivisión de forma Historia.
9 (RLIN) 167799
710 2# - ENTRADA AGREGADA--NOMBRE DE ENTIDAD CORPORATIVA
Nombre de entidad corporativa o nombre de jurisdicción como elemento de entrada Instituto de Estudios Madrileños
9 (RLIN) 4916
830 00 - PUNTO DE ACCESO ADICIONAL DE SERIE-TÍTULO UNIFORME
Título uniforme Ciclo de conferencias: El Madrid de Carlos III
Designación de volumen o secuencia 7
9 (RLIN) 180033
852 ## - LOCALIZACIÓN
Ubicación ES-MaACL
Número de control de estantería 2154-F-32
Holdings
Estatus retirado Estado de pérdida Estado de daño No para préstamo Colección Biblioteca de origen Biblioteca actual Ubicación en estantería Fecha de adquisición Fuente de adquisición Total de préstamos Signatura topográfica completa Código de barras Visto por última vez Precio de reemplazo Tipo de ítem Koha
        Colección de folletos Biblioteca del Ateneo de Madrid Biblioteca del Ateneo de Madrid Depósito folletos 17/01/2008     2154-F-32 1017017 23/02/2023 23/02/2023 Folleto